Danur kasih

Bibliographic Details
Main Author: MOHAMMAD Adzam Khodzin
Format: Book
Published: K.L : Creative Enterprise , 2000

MARC

LEADER 00000cam a2200000 7i4500
001 0000009509
005 20030806.0
008 000623 2000 myw 3156700
020 |a 9838934119 
035 |a 0041-74660 
090 0 0 |a F   |b MOH 
100 1 |a MOHAMMAD Adzam Khodzin. 
245 1 0 |a Danur kasih   |c oleh Mohammad Adzam Khodzin [  |h [bok]] 
260 |a K.L :   |b Creative Enterprise ,   |c 2000 
946 0 0 |a Tanmark Book Centre, 281 Burmah Road, Pulau Tikus, 10350 Pulau Pinang Tel. No: 04-2262767 
949 0 0 |a 1000147747   |b 0053000001   |c 0001   |n F MOH 
949 0 0 |a 1000155467   |b 0040000001   |c 0002   |n F MOH 
949 0 0 |a 1000161072   |b 0051000001   |c 0003   |n F MOH 
949 0 0 |a 1000186757   |b 0018000001   |c 0005   |n F MOH 
949 0 0 |a 1000187958   |b 0057000001   |c 0023   |n F MOH 
949 0 0 |a 1000195220   |b 0019000001   |c 0006   |n F MOH 
949 0 0 |a 1000198476   |b 0056000001   |c 0004   |n F MOH 
949 0 0 |a 1000541460   |b 0001000001   |c 0007   |n F MOH 
949 0 0 |a 1000541461   |b 0002000001   |c 0008   |n F MOH 
949 0 0 |a 1000541462   |b 0003000001   |c 0009   |n F MOH 
949 0 0 |a 1000541463   |b 0006000001   |c 0010   |n F MOH 
949 0 0 |a 1000541464   |b 0007000001   |c 0011   |n F MOH 
949 0 0 |a 1000541465   |b 0005000001   |c 0012   |n F MOH 
949 0 0 |a 1000541466   |b 0008000001   |c 0013   |n F MOH 
949 0 0 |a 1000541467   |b 0008000001   |c 0014   |n F MOH 
949 0 0 |a 1000541468   |b 0008000001   |c 0015   |n F MOH 
949 0 0 |a 1000541469   |b 0008000001   |c 0016   |n F MOH 
949 0 0 |a 1000541470   |b 0008000001   |c 0017   |n F MOH 
949 0 0 |a 1000541471   |b 0008000001   |c 0018   |n F MOH 
949 0 0 |a 1000541472   |b 0008000001   |c 0019   |n F MOH 
949 0 0 |a 1000541473   |b 0008000001   |c 0020   |n F MOH 
949 0 0 |a 1000541474   |b 0009000001   |c 0021   |n F MOH 
949 0 0 |a 1000541475   |b 0054000001   |c 0022   |n F MOH 
999 |a 177644   |b Buku   |c Rak Terbuka   |e Perbadanan Perpustakaan Awam Melaka 
999 |a 319566   |b Buku   |c Rak Terbuka   |e Perbadanan Perpustakaan Awam Melaka 
999 |a 319567   |b Buku   |c Rak Terbuka   |e Perbadanan Perpustakaan Awam Melaka 
999 0 0 |a BER1 541466 
999 0 0 |a BER10 541475 
999 0 0 |a BER2 541467 
999 0 0 |a BER3 541468 
999 0 0 |a BER4 541469 
999 0 0 |a BER5 541470 
999 0 0 |a BER6 541471 
999 0 0 |a BER7 541472 
999 0 0 |a BER8 541473 
999 0 0 |a BER9 541474 
999 0 0 |a CBA541463 
999 0 0 |a CBM541462 
999 0 0 |a CBP541464 
999 0 0 |a CGT541461 
999 0 0 |a CJW541465 
999 0 0 |a KGLM 506315 
999 0 0 |a PBTM509978 
999 0 0 |a PDLL 506091 
999 0 0 |a PDTMJ451745 
999 0 0 |a PKKR456016 
999 0 0 |a PSKSBN 457348 
999 0 0 |a PSMP 504944 
999 0 0 |a PUS541460